000 00344nam a2200133Ia 4500
008 100328s9999 xx 000 0 und d
082 _b34955
100 _aबोरकर कमलाकर
245 _aपैलतीर
260 _bत्रिदल
630 _aपैलतीर
730 _aपैलतीर
942 _cBOOK
999 _c524971
_d524968